000 00718nam a2200253 a 4500
001 BRCA_7495
005 20190320205847.0
008 300413s1954----it-a######---#000-0#ita-#
041 _aitaeng
044 _ait
050 4 _aN7340
_b.M67 1954
245 1 0 _aMostra d´arte cinese
_bcatálogo.
260 _aVenecia
_bAlfieri
_c1954
300 _axxxviii, 273 p.
_bil. (algunas a color)
_c27 cm.
500 _aSettimo Centenario di Marco Polo
500 _aR25
504 _aBibliografía p. 17
546 _aTexto en: italiano e inglés
650 1 4 _aArte chino
_vExposiciones
_918452
650 1 4 _aArte
_vCatálogos
_94925
740 0 _aExhibition of Chinese art : catalogue
902 _aGFM
942 _2lcc
_cB
999 _c7170
_d7170